000 00590nam a2200157 a 4500
008 180926s2008 ||||||||||||||||| || u
020 _a9780753513385
050 _aHB 71 Fra
100 _aFrank, Robert, H
245 1 4 _aThe economic naturalist: why economics explains almost everything
_cBy Robert H. Frank
260 _aLondon:
_bVirgin Books
_c2008
300 _axiv, 241p.: ill.
350 _a21.96
650 0 _aECONOMICS
995 _D21.96
_FCBU-MAIN LIBRARY (Kitwe)
_M1
_UAVAILABLE
_WNov 8, 2018
_ZMain Library Open Access Collection
999 _c40875
_d40875